000 00585cam a22002053a 4500
001 38880
003 PGUSA
005 20140828083847.0
008 120214s2012||||xxu|||||s|||||000 | eng d
040 _aPGUSA
_beng
042 _adc
245 1 4 _aThe Land of Song, Book II :
_bFor lower grammar grades
_h[electronic resource] /
_cVarious
260 _bProject Gutenberg,
_c2012
506 _aPublic domain in the USA.
516 _aElectronic text
700 1 _aDunton, Larkin
830 0 _aProject Gutenberg
_v38880
856 4 0 _uhttp://www.gutenberg.org/ebooks/38880
942 _cEB
999 _c268134
_d268134